000 00710nam a2200205Ii 4500
003 JO-AjNU
008 230605s9999||||xx |||||||||||||| ||und||
040 _aJO-AjNU
_bara
_erda
_cJO-AjNU
041 _aara
050 1 4 _aBP130.4.A2234 2005
100 3 _aعباس، فضل حسن,
_eauthor
_956561
245 0 0 _aاتجاهات التفسير ومناهج المفسرين في العصر الحديث: التفسير أساسياته واتجاهاته
250 _aط1
264 3 1 _aعمان: مكتبة دنديس، 2005
300 _a724ص
336 _atext
_btxt
_2rdacontent
337 _aunmediated
_bn
_2rdamedia
338 _avolume
_bnc
_2rdacarrier
650 4 _aالقرآن- تفسير
_956562
999 _aA25293
_c28861
_d28861